书目信息 |
| 题名: |
计算机网络技术与应用
|
|
| 作者: | 余江 主编 | |
| 分册: | ||
| 出版信息: | 天津 天津科学技术出版社 2011.05 |
|
| 页数: | 266页 | |
| 开本: | 28cm | |
| 丛书名: | ||
| 单 册: | ||
| 中图分类: | TP393 | |
| 科图分类: | ||
| 主题词: | 计算机应用 | |
| 电子资源: | ||
| ISBN: | 7-5308-6322-3 | |
| 000 | 00588nam0 2200193 450 | |
| 001 | 1638119679 | |
| 005 | 20210407102345.74 | |
| 010 | @a7-5308-6322-3@dCNY32.00 | |
| 100 | @a20160913d2011 km y0chiy0120 ea | |
| 101 | 0 | @achi |
| 102 | @aCN@b120000 | |
| 200 | 1 | @a计算机网络技术与应用@Aji suan ji wang luo ji shu yu ying yong@f余江主编@Fyu jiang zhu bian |
| 210 | @a天津@c天津科学技术出版社@d2011.05 | |
| 215 | @a266页@d28cm | |
| 606 | 0 | @a计算机应用 |
| 690 | @aTP393@v4 | |
| 701 | 0 | @a余江@Ayu jiang@4主编 |
| 801 | 0 | @aCN@b大连网信软件有限公司图书馆·11@c20210407 |
| 905 | @aZUCC@dTP393@eY756 | |
| 计算机网络技术与应用/余江主编.-天津:天津科学技术出版社,2011.05 |
| 266页;28cm |
| ISBN 7-5308-6322-3:CNY32.00 |
| ● |
| 相关链接 |
|
|
|
正题名:计算机网络技术与应用
索取号:TP393/Y756
 
预约/预借
| 序号 | 登录号 | 条形码 | 馆藏地/架位号 | 状态 | 备注 |
| 1 | 1238457 | 212384579 | 自科库301/301自科库 118排2列3层/ [索取号:TP393/Y756] | 在馆 | |
| 2 | 1301377 | 213013772 | 自科库301/301自科库 118排2列3层/ [索取号:TP393/Y756] | 在馆 | |
| 3 | 1348131 | 213481310 | 自科二线404/404自科库 16排6列6层/ [索取号:TP393/Y756] | 在馆 | |
| 4 | 1348279 | 213482792 | 自科库301/301自科库 118排2列3层/ [索取号:TP393/Y756] | 在馆 | |
| 5 | 1501344 | 215013447 | 自科二线404/404自科库 16排6列5层/ [索取号:TP393/Y756] | 在馆 | |
| 6 | 1501408 | 215014080 | 自科二线404/404自科库 16排6列5层/ [索取号:TP393/Y756] | 在馆 | |
| 7 | 1504783 | 215047839 | 自科库301/301自科库 118排2列3层/ [索取号:TP393/Y756] | 在馆 |